| 000 | 01228nam a2200301Ia 4500 | ||
|---|---|---|---|
| 003 | OSt | ||
| 005 | 20221005105452.0 | ||
| 006 | a|||||r|||| 00| 0 | ||
| 007 | ta | ||
| 008 | 221004b |||||||| |||| 00| 0 hin d | ||
| 020 |
_a9789326352161 (hbk) _cINR 390.00 |
||
| 024 | _a37379 | ||
| 037 |
_b1514, 26/02/2018, Bright Book Service _cTextual |
||
| 040 |
_aCRL _cCRL _bhin |
||
| 041 |
_2hin _ahin |
||
| 082 | _aO152,3N63,WD, Q3 | ||
| 100 | _aपैन्यूली, अर्चना | ||
| 245 | 0 |
_aवेयर डू आई बिलांग _b मेरा घर कहॉं है |
|
| 246 | _aVeyar ḍū āī bilāanga: merā ghar kahaॉan hai | ||
| 250 | _aसंस्करण 2 | ||
| 260 |
_aनई दिल्ली _bभारतीय ज्ञानपीठ भारत _c2013 |
||
| 300 |
_a394पृ0 _ccm. |
||
| 490 | _aलोकोदय ग्रन्थमाला; ग्रन्थांक 1025 | ||
| 650 | _a हिन्दी साहित्य | ||
| 650 | _aहिन्दी कहानी | ||
| 942 |
_hO152,3N63,WD, Q3 _cTEXL _2cc |
||
| 999 |
_c1015925 _d1015925 |
||